=LDR 00000nam 2200000 4500 =001 INLIS000000000001976 =005 20130612090342 =008 ***********************************Ind** =035 ##$$0010-061300000001976 =041 ##$$a Ind =082 ##$$a 720.959 8 =090 ##$$a 720.959 8, Bud a =100 ##$$a Ir. Budiharjo, Eko =245 ##$$a Arsitektur dan kota di Indonesia, Prof.Ir. Eko Budihardjo, M.Sc =260 ##$$a 1991 $b Bandung =300 ##$$a xiv, 210, 21 cm =650 ##$$a Arsitektur-Indonesia =850 ##$$a NBPNMAT